000 00489nam a2200169 i 4500
001 14858
003 ES-MaACL
005 20230906150920.0
007 t|
008 990623s1999 sp ||||1| spa d
080 _a821.134.2-14"19"
100 1 _aDíaz-Pinés, Marisa.
_944391
245 1 0 _aPoemas de paz /
_cMarisa Díaz-Pinés.
260 _aToledo :
_bActipost,
_c[1999]
300 _a63 p. :
_bil. ;
_c21 cm.
852 _aES-MaACL
_jL-22041
_bR.127406
_q. - Ded. autógr. de la autora
999 _c14858
_d14858